000 00472nam a2200193Ia 4500
005 20240823023227.0
008 240823s9999||||xx |||||||||||||| ||und||
020 _a0-486-41704-2
041 _aENGLISH
082 _A620.106 P1
100 _aVanyo James P
245 0 _aRoating Fluids in Engineering and Science
250 _a1 st
260 _c2001
_b"Dover,New"
500 _aYES
650 _aFluids in Engineering
_bMechanical
942 _cBK
999 _c181042
_d181042